[Event "FRA-chT4 0304"]
[Site "Bretagne"]
[Date "2003.12.07"]
[Round "3"]
[White "Corlobe, Julie"]
[Black "Blanchard, Jody"]
[Result "0-1"]
[WhiteElo "1590"]
[BlackElo "1780"]
[PlyCount "66"]
[EventDate "2003.10.12"]
[EventType "team"]
[EventRounds "9"]
[EventCountry "FRA"]
[SourceTitle "EXT 2005"]
[Source "ChessBase"]
[SourceDate "2004.11.15"]
[SourceVersion "1"]
[SourceVersionDate "2004.11.15"]
[SourceQuality "1"]

1. e4 c5 2. Nc3 Nc6 3. f4 d6 4. Bc4 Nf6 5. Nf3 e6 6. d3 a6 7. a4 Be7 8. 0-0 Qc7 9. Be3 0-0 10. Qe1 Rd8 11. Ne2 d5 12. exd5 exd5 13. Bb3 Re8 14. Bd2 Bd6 15. Kh1 Bg4 16. Qf2 Bf5 17. Rae1 Bg6 18. Nh4 Bh5 19. Ng3 Rxe1 20. Rxe1 Ne7 21. c3 Qb6 22. Bc2 Qxb2 23. Rc1 Bg6 24. Nxg6 Nxg6 25. f5 Ne5 26. Ne2 Nxd3 27. Bxd3 Qxd2 28. Qf3 c4 29. Bb1 Re8 30. Rg1 Rxe2 31. Qh3 Bc5 32. Rf1 Re1 33. Qf3 Qc1 0-1